000 00202 a2200097 4500
001 45642
100 _aStone R
245 _aA flay for sunrise
260 _aLondon
_bPicador
_c
090 _c28815
_d28815
942 _aNUST-CAE
_cM
_c20908
999 _c280715
_d280715